Základy firemních financí /

Enregistré dans:
Détails bibliographiques
Auteurs principaux: Marek, Petr (Auteur), Termer, Tomáš (Auteur)
Format: Livre
Langue:tchèque
Publié: Ostrava : Avízo Print v spolupráci s Interprospect,s.r.o, 1990
Tags: Ajouter un tag
Pas de tags, Soyez le premier à ajouter un tag!

MARC

LEADER 00000nam a22000003a 4500
001 stu17927
005 20150617225756.5
008 910815s1990----cs------------------cze-d
020 |a 80-900336-1-X 
040 |a STU  |b slo 
041 0 |a cze 
044 |a cs 
080 |a 338.242 
100 1 |a Marek, Petr  |4 aut 
245 1 |a Základy firemních financí /  |c [aut.]Marek,Petr, Termer,Tomáš 
260 |a Ostrava :  |b Avízo Print v spolupráci s Interprospect,s.r.o,  |c 1990 
300 |a 63 s :  |b Tab.,grafy,lit 
700 1 |a Termer, Tomáš  |4 aut 
996 |b CB1285  |c C*B1285  |l CCXIV  |s P  |a 0  |w stu17927_0001 
996 |b C88743  |c C*88743  |l CCXIV  |s P  |a 0  |w stu17927_0002 
996 |b C88744  |c C*88744  |l CCXIV  |s P  |a 0  |w stu17927_0003